Normal view
MARC view
- التعليم-الأردن-العولمة-وسائل الإعلام
Entry Topical Term
001 - CONTROL NUMBER
- control field: 49723
003 - CONTROL NUMBER IDENTIFIER
- control field: JO-AjAnu
005 - DATE AND TIME OF LATEST TRANSACTION
- control field: 20230606082206.0
008 - FIXED-LENGTH DATA ELEMENTS
- fixed length control field: 230606|| aca||aabn | a|a d
040 ## - CATALOGING SOURCE
- Original cataloging agency: JO-AjAnu
- Transcribing agency: JO-AjAnu
150 ## - HEADING--TOPICAL TERM
- Topical term or geographic name entry element: التعليم-الأردن-العولمة-وسائل الإعلام
670 ## - SOURCE DATA FOUND
- Source citation: Work cat.: (JO-AjAnu)25424: الشلبي، جمال, author 49722, الإعلام والتعليم في الأردن في ظل العولمة